Cities of Sacramento County, California - Statistics

General Stats
  • This quiz has been taken 15 times
    13 since last reset
  • The average score is 5 of 7
Answer Stats
Population Answer % Correct
525,384 Sacramento
100%
86,239 Citrus Heights
91%
178,444 Elk Grove
91%
84,782 Folsom
82%
82,605 Rancho Cordova
73%
25,757 Galt
55%
777 Isleton
55%
No matching quizzes found
Score Distribution
Percent of People with Each Score
Percentile by Number Answered
Your Score History
You have not taken this quiz since the last reset